000 00822nam a22002777a 4500
001 BR7302700
003 BR-BrBNA
005 20230928083934.0
007 ta
008 230509b bl.||||| |||| 00| 0 por d
040 _aBR-BrBNA
_bpor
_cBiblioteca Nacional de Agricultura
041 _a(Por)
072 _aA50; F00
_b0150
_b1410
_b/G514
090 _ 0150 BR7302700
110 1 _aCentro Nacional de Pesquisa em Arroz e Feijao, Goiania, GO (Brasil)
245 1 _aRelatorio trimestral julho/marco 1975/76 [Centro Nacional de Pesquisa em Arroz e Feijao, Brasil]
260 3 _aGoiania, GO (Brasil):
_c1975.
300 _a11 p.
650 _aPESQUISA AGRICOLA
650 _aPROGRAMA DE PESQUISA
650 _aARROZ
650 _aFEIJAO
650 _aGOIAS
909 _a202309
_bLucia
_c55
_dLucia Elande
942 _cBK
999 _c15925
_d15925